Tous les combats de Cyril Gane - Statistiques

Statistiques générales
  • Ce quiz a été pris 32 fois
    6 depuis la dernière actualisation
  • Le résultat moyen est 7 sur 13
Statistiques - réponses
Victoire / Défaite Nationalité Combattant % Correct
Défaite (7-1) Cameroun Francis Ngannou
100%
Défaite (8-2) États-Unis Jon Jones
100%
No contest Angleterre Tom Aspinall
100%
Victoire (6-0) Russie Alexander Volkov
80%
Victoire (10-2) Russie Alexander Volkov
80%
Victoire (9-2) Moldavie Serghei Spivac
80%
Victoire (8-1) Australie Tai Tuivasa
80%
Victoire (7-0) États-Unis Derrick Lewis
40%
Victoire (5-0) Suriname Jairzinho Rozenstruik
40%
Victoire (2-0) États-Unis Don'tale Mayes
0%
Victoire (4-0) Brésil Junior Dos Santos
0%
Victoire (1-0) Brésil Raphael Pessoa
0%
Victoire (3-0) Canada Tanner Boser
0%
Aucun quiz correspondant
Distribution des résultats
% des personnes avec chaque résultat
Percentile par nombre de réponses
Votre historique - résultats
Vous n’avez pas pris ce quiz depuis la dernière actualisation